ბათუმის შოთა რუსთაველის სახელმწიფო უნივერსიტეტის ბიბლიოთეკა

Sleisenger and Fordtran's gastrointestinal and liver disease : (ბიბ.ჩანაწერი № 62316)

000 -LEADER
fixed length control field 00989nam a22002297a 4500
005 - DATE AND TIME OF LATEST TRANSACTION
control field 20241003133638.0
008 - FIXED-LENGTH DATA ELEMENTS--GENERAL INFORMATION
fixed length control field 240925s2021 enk||||| |||| 00| 0 eng d
020 ## - INTERNATIONAL STANDARD BOOK NUMBER
International Standard Book Number 9780323760782x
041 ## - LANGUAGE CODE
Language code of text/sound track or separate title eng
080 ## - UNIVERSAL DECIMAL CLASSIFICATION NUMBER
Universal Decimal Classification number 616 S-67
245 ## - TITLE STATEMENT
Title Sleisenger and Fordtran's gastrointestinal and liver disease :
Remainder of title pathophysiology, diagnosis, management. Vol. 1 /
Statement of responsibility, etc. Mark Feldman, Lawrence S. Friedman, John S. Fordtran.
250 ## - EDITION STATEMENT
Edition statement 11th edition
264 ## - PRODUCTION, PUBLICATION, DISTRIBUTION, MANUFACTURE, AND COPYRIGHT NOTICE
Place of production, publication, distribution, manufacture Elsevier,
Name of producer, publisher, distributor, manufacturer Philadelphia,
Date of production, publication, distribution, manufacture, or copyright notice 2021.
300 ## - PHYSICAL DESCRIPTION
Extent 1128 p. :
Other physical details ill.;
Dimensions 29 cm.
653 ## - INDEX TERM--UNCONTROLLED
keyword კუჭ-ნაწლავის და ღვიძლის დაავადება
653 ## - INDEX TERM--UNCONTROLLED
keyword მედიცინა
653 ## - INDEX TERM--UNCONTROLLED
keyword გასტროენტეროლოგია
700 ## - ADDED ENTRY--PERSONAL NAME
Personal name Feldman, Mark
Relator term რედაქტორი
9 (RLIN) 23273
700 ## - ADDED ENTRY--PERSONAL NAME
Personal name Friedman, Lawrence S.
Relator term რედაქტორი
9 (RLIN) 23278
700 ## - ADDED ENTRY--PERSONAL NAME
Personal name Brandt, Lawrence J.
Relator term რედაქტორი
9 (RLIN) 23275
942 ## - ADDED ENTRY ELEMENTS (KOHA)
Source of classification or shelving scheme
Koha item type წიგნი
ეგზემპლარები
Withdrawn status Lost status Source of classification or shelving scheme Damaged status Not for loan Permanent Location Current Location Shelving location Date acquired Cost, normal purchase price Full call number Barcode Date last seen Copy number Price effective from Koha item type Public note
          ბათუმის შოთა რუსთაველის სახელმწიფო უნივერსიტეტის მთავარი ბიბლიოთეკა ბათუმის შოთა რუსთაველის სახელმწიფო უნივერსიტეტის მთავარი ბიბლიოთეკა წიგნსაცავი 2024-09-25 487.50 616 S-67 68943 2024-09-25 68943 2024-09-25 წიგნი 487 ლ. 50 თ.
          ბათუმის შოთა რუსთაველის სახელმწიფო უნივერსიტეტის მთავარი ბიბლიოთეკა ბათუმის შოთა რუსთაველის სახელმწიფო უნივერსიტეტის მთავარი ბიბლიოთეკა წიგნსაცავი 2024-09-25 487.50 616 S-67 68944 2024-09-25 68944 2024-09-25 წიგნი 487 ლ. 50 თ.
          ბათუმის შოთა რუსთაველის სახელმწიფო უნივერსიტეტის მთავარი ბიბლიოთეკა ბათუმის შოთა რუსთაველის სახელმწიფო უნივერსიტეტის მთავარი ბიბლიოთეკა წიგნსაცავი 2025-09-16 404.00 616 S-67 72189 /1 2025-09-16 72189 /1 2025-09-16 წიგნი 404 ლ.